000 00622nam a2200217Ia 4500
003 OSt
005 20220928140454.0
006 a|||||r|||| 00| 0
007 ta
008 220927b |||||||| |||| 00| 0 eng d
024 _a8597
037 _cAnnuals, Advances
040 _aSDCL
_cSDCL
_beng
041 _2eng
_aeng
082 _aX:76.1( X )'N8, M6
100 _aSaksena K D
_9437372
245 0 _aPricing policy and price controls in developing countries
_bThe case of India
260 _c1986
942 _hX:76.1( X )'N8, M6
_cREF
_2CC
999 _c811494
_d811494